[Event "Grand Swiss "]
[Date "2025.09.08"]
[White "Mamedyarov, Shakhriyar"]
[Black "Salem, A.R. Saleh"]
[WhiteElo "2741"]
[BlackElo "2640"]
[Round "5.5.12"]
[Result "1-0"]

1. d4 {[%clk 01:40:57] [%emt 00:00:02]} Nf6 {[%clk 01:40:52] [%emt 00:00:08]} 2.
c4 {[%clk 01:41:22] [%emt 00:00:05]} g6 {[%clk 01:41:16] [%emt 00:00:06]} 3. Nc3
{[%clk 01:41:46] [%emt 00:00:07]} d5 {[%clk 01:41:37] [%emt 00:00:09]} 4. Bg5
{[%clk 01:42:04] [%emt 00:00:11]} Ne4 {[%clk 01:41:49] [%emt 00:00:19]} 5. cxd5
{[%clk 01:42:20] [%emt 00:00:15]} Nxg5 {[%clk 01:42:09] [%emt 00:00:10]} 6. h4
{[%clk 01:42:46] [%emt 00:00:04]} Ne4 {[%clk 01:42:28] [%emt 00:00:11]} 7. Nxe4
{[%clk 01:43:10] [%emt 00:00:05]} Qxd5 {[%clk 01:42:51] [%emt 00:00:08]} 8. Nc3
{[%clk 01:43:36] [%emt 00:00:04]} Qa5 {[%clk 01:43:14] [%emt 00:00:07]} 9. h5
{[%clk 01:43:54] [%emt 00:00:11]} Bg7 {[%clk 01:43:10] [%emt 00:00:34]} 10. h6
{[%clk 01:44:16] [%emt 00:00:08]} Bf6 {[%clk 01:43:34] [%emt 00:00:05]} 11. Qd2
{[%clk 01:44:14] [%emt 00:00:33]} O-O {[%clk 01:43:32] [%emt 00:00:32]} 12. Nf3
{[%clk 01:44:17] [%emt 00:00:27]} Rd8 {[%clk 01:43:50] [%emt 00:00:13]} 13. Rc1
{[%clk 01:44:34] [%emt 00:00:13]} c5 {[%clk 01:41:56] [%emt 00:02:24]} 14. d5
{[%clk 01:44:08] [%emt 00:00:56]} Nc6 {[%clk 01:38:22] [%emt 00:04:05]} 15. g3
{[%clk 01:43:49] [%emt 00:00:49]} Bf5 {[%clk 01:14:33] [%emt 00:24:17]} 16. e4
{[%clk 01:23:48] [%emt 00:20:32]} Bc8 {[%clk 00:52:05] [%emt 00:22:58]} 17. Bg2
{[%clk 01:16:36] [%emt 00:07:41]} Nd4 {[%clk 00:50:56] [%emt 00:01:40]} 18. O-O
{[%clk 01:13:51] [%emt 00:03:15]} Nxf3+ {[%clk 00:34:08] [%emt 00:17:18]} 19.
Bxf3 {[%clk 01:14:15] [%emt 00:00:06]} Be5 {[%clk 00:32:37] [%emt 00:02:01]} 20.
Bg2 {[%clk 01:09:35] [%emt 00:05:10]} b5 {[%clk 00:26:20] [%emt 00:06:48]} 21.
a3 {[%clk 01:06:19] [%emt 00:03:46]} Bb7 {[%clk 00:18:08] [%emt 00:08:42]} 22.
Kh2 {[%clk 00:57:15] [%emt 00:09:32]} Qb6 {[%clk 00:15:29] [%emt 00:03:10]} 23.
f4 {[%clk 00:43:13] [%emt 00:14:32]} Bd4 {[%clk 00:15:55] [%emt 00:00:04]} 24.
Ne2 {[%clk 00:43:25] [%emt 00:00:18]} Bh8 {[%clk 00:14:05] [%emt 00:02:21]} 25.
e5 {[%clk 00:38:11] [%emt 00:05:44]} f6 {[%clk 00:12:10] [%emt 00:02:25]} 26.
exf6 {[%clk 00:37:59] [%emt 00:00:42]} Bxf6 {[%clk 00:12:18] [%emt 00:00:22]}
27. Nc3 {[%clk 00:38:04] [%emt 00:00:25]} Kh8 {[%clk 00:10:26] [%emt 00:02:22]}
28. Rfe1 {[%clk 00:36:26] [%emt 00:02:07]} Rd6 {[%clk 00:05:45] [%emt 00:05:11]}
29. g4 {[%clk 00:33:00] [%emt 00:03:56]} Re8 {[%clk 00:02:05] [%emt 00:04:11]}
30. g5 {[%clk 00:33:19] [%emt 00:00:11]} Bd4 {[%clk 00:02:33] [%emt 00:00:02]}
31. b4 {[%clk 00:33:41] [%emt 00:00:08]} Kg8 {[%clk 00:01:23] [%emt 00:01:39]}
32. bxc5 {[%clk 00:32:38] [%emt 00:01:33]} Qxc5 {[%clk 00:00:41] [%emt
00:01:13]} 33. Na4 {[%clk 00:32:24] [%emt 00:00:43]} Qxd5 {[%clk 00:00:55] [%emt
00:00:17]} 34. Bxd5+ {[%clk 00:32:33] [%emt 00:00:21]} Rxd5 {[%clk 00:01:24]
[%emt 00:00:01]} 35. Qb4 {[%clk 00:32:44] [%emt 00:00:18]} 1-0

[Site "Europe Echecs"]

[Event "Grand Swiss "]
[Date "2025.09.08"]
[White "Niemann, Hans Moke"]
[Black "Demchenko, Anton"]
[WhiteElo "2733"]
[BlackElo "2620"]
[Round "5.5.13"]
[Result "1/2-1/2"]

1. c4 {[%clk 01:40:55] [%emt 00:00:04]} e6 {[%clk 01:40:12] [%emt 00:00:50]} 2.
Nc3 {[%clk 01:40:29] [%emt 00:00:56]} d5 {[%clk 01:40:37] [%emt 00:00:05]} 3. d4
{[%clk 01:40:53] [%emt 00:00:06]} Nf6 {[%clk 01:41:04] [%emt 00:00:04]} 4. cxd5
{[%clk 01:40:43] [%emt 00:00:39]} exd5 {[%clk 01:41:30] [%emt 00:00:04]} 5. Bg5
{[%clk 01:40:57] [%emt 00:00:15]} c6 {[%clk 01:41:56] [%emt 00:00:05]} 6. e3
{[%clk 01:40:10] [%emt 00:01:16]} h6 {[%clk 01:42:12] [%emt 00:00:14]} 7. Bh4
{[%clk 01:40:17] [%emt 00:00:22]} Bf5 {[%clk 01:42:15] [%emt 00:00:27]} 8. Qf3
{[%clk 01:35:27] [%emt 00:05:20]} Be6 {[%clk 01:42:34] [%emt 00:00:12]} 9. Bxf6
{[%clk 01:34:10] [%emt 00:01:47]} Qxf6 {[%clk 01:42:59] [%emt 00:00:05]} 10.
Qxf6 {[%clk 01:34:31] [%emt 00:00:09]} gxf6 {[%clk 01:43:28] [%emt 00:00:02]}
11. Bd3 {[%clk 01:33:42] [%emt 00:01:16]} Nd7 {[%clk 01:43:15] [%emt 00:00:45]}
12. Nge2 {[%clk 01:31:14] [%emt 00:02:58]} h5 {[%clk 01:43:20] [%emt 00:00:26]}
13. h4 {[%clk 01:22:01] [%emt 00:09:42]} Bd6 {[%clk 01:43:41] [%emt 00:00:09]}
14. f3 {[%clk 01:20:00] [%emt 00:02:30]} Nf8 {[%clk 01:25:46] [%emt 00:18:27]}
15. Kf2 {[%clk 01:16:48] [%emt 00:03:40]} Ng6 {[%clk 01:21:18] [%emt 00:05:00]}
16. Ng3 {[%clk 01:15:59] [%emt 00:01:19]} Ne7 {[%clk 01:19:48] [%emt 00:02:01]}
17. Nce2 {[%clk 01:16:10] [%emt 00:00:17]} Kd7 {[%clk 01:08:04] [%emt 00:12:16]}
18. Nf4 {[%clk 01:10:31] [%emt 00:06:09]} Bxf4 {[%clk 01:08:15] [%emt 00:00:19]}
19. exf4 {[%clk 01:09:10] [%emt 00:01:51]} f5 {[%clk 00:56:39] [%emt 00:12:06]}
20. Rae1 {[%clk 01:08:32] [%emt 00:01:07]} b6 {[%clk 00:47:00] [%emt 00:10:10]}
21. b4 {[%clk 00:54:31] [%emt 00:14:30]} Kd6 {[%clk 00:39:09] [%emt 00:08:21]}
22. Re5 {[%clk 00:51:00] [%emt 00:04:01]} a5 {[%clk 00:35:55] [%emt 00:03:46]}
23. b5 {[%clk 00:50:40] [%emt 00:00:49]} cxb5 {[%clk 00:34:12] [%emt 00:02:13]}
24. Bxb5 {[%clk 00:50:57] [%emt 00:00:12]} Rac8 {[%clk 00:34:02] [%emt
00:00:41]} 25. Rb1 {[%clk 00:48:27] [%emt 00:02:59]} Rc2+ {[%clk 00:27:31] [%emt
00:07:02]} 26. Re2 {[%clk 00:48:50] [%emt 00:00:07]} Rc3 {[%clk 00:25:44] [%emt
00:02:17]} 27. Reb2 {[%clk 00:48:43] [%emt 00:00:34]} Ng6 {[%clk 00:21:42] [%emt
00:04:35]} 28. Ne2 {[%clk 00:48:15] [%emt 00:00:58]} Ra3 {[%clk 00:22:04] [%emt
00:00:08]} 29. g3 {[%clk 00:40:41] [%emt 00:08:04]} Rb8 {[%clk 00:17:16] [%emt
00:05:18]} 30. Ba6 {[%clk 00:23:40] [%emt 00:17:31]} Ne7 {[%clk 00:17:08] [%emt
00:00:38]} 31. Rxb6+ {[%clk 00:22:52] [%emt 00:01:18]} Rxb6 {[%clk 00:17:37]
[%emt 00:00:01]} 32. Rxb6+ {[%clk 00:23:16] [%emt 00:00:06]} Kc7 {[%clk
00:12:56] [%emt 00:05:12]} 33. Rb2 {[%clk 00:22:33] [%emt 00:01:12]} Nc6 {[%clk
00:11:12] [%emt 00:02:14]} 34. Bb5 {[%clk 00:22:43] [%emt 00:00:19]} Na7 {[%clk
00:11:07] [%emt 00:00:36]} 35. Rc2+ {[%clk 00:19:17] [%emt 00:03:55]} Kd6 {[%clk
00:11:15] [%emt 00:00:22]} 36. Be8 {[%clk 00:19:35]} Ke7 {[%clk 00:08:14] [%emt
00:03:43]} 37. Bxf7 {[%clk 00:20:00]} Kxf7 {[%clk 00:08:14] [%emt 00:00:35]} 38.
Rc7+ {[%clk 00:20:26] [%emt 00:00:04]} Ke8 {[%clk 00:08:39] [%emt 00:00:05]} 39.
Rxa7 {[%clk 00:20:53]} Bd7 {[%clk 00:03:34] [%emt 00:05:38]} 40. Rc7 {[%clk
00:20:22] [%emt 00:01:01]} Bb5 {[%clk 00:01:22] [%emt 00:02:43]} 41. Rc2 {[%clk
00:20:11]} Bxe2 {[%clk 00:49:35] [%emt 00:02:58]} 42. Rxe2+ {[%clk 01:08:21]}
Kf7 {[%clk 00:49:23] [%emt 00:03:02]} 43. Re5 {[%clk 01:02:47]} Rxa2+ {[%clk
00:48:45] [%emt 00:07:12]} 44. Kf1 {[%clk 01:01:55]} Kf6 {[%clk 00:47:18] [%emt
00:03:19]} 45. Rxd5 {[%clk 01:02:03]} a4 {[%clk 00:32:57] [%emt 00:15:13]} 46.
Rd6+ {[%clk 01:02:23] [%emt 00:00:08]} Ke7 {[%clk 00:31:41] [%emt 00:01:47]} 47.
Ra6 {[%clk 01:02:49] [%emt 00:00:04]} a3 {[%clk 00:29:07] [%emt 00:03:05]} 48.
Kg1 {[%clk 01:01:56] [%emt 00:01:23]} Kf7 {[%clk 00:15:31] [%emt 00:14:06]} 49.
d5 {[%clk 00:59:30] [%emt 00:02:56]} Ke7 {[%clk 00:12:44] [%emt 00:03:18]} 50.
Kf1 {[%clk 00:52:04] [%emt 00:07:51]} Kd7 {[%clk 00:12:47] [%emt 00:00:31]} 51.
Kg1 {[%clk 00:48:27] [%emt 00:04:07]} Ke7 {[%clk 00:13:07] [%emt 00:00:10]} 52.
Ra7+ {[%clk 00:46:59] [%emt 00:01:57]} Kd6 {[%clk 00:13:01] [%emt 00:00:38]} 53.
Ra5 {[%clk 00:47:25] [%emt 00:00:04]} Kc7 {[%clk 00:09:36] [%emt 00:03:55]} 54.
g4 {[%clk 00:45:51] [%emt 00:02:04]} hxg4 {[%clk 00:09:29] [%emt 00:00:37]} 55.
fxg4 {[%clk 00:46:17] [%emt 00:00:04]} fxg4 {[%clk 00:09:56] [%emt 00:00:03]}
56. h5 {[%clk 00:46:44] [%emt 00:00:04]} g3 {[%clk 00:07:16] [%emt 00:03:10]}
57. h6 {[%clk 00:46:56] [%emt 00:00:17]} Kd6 {[%clk 00:02:14] [%emt 00:05:32]}
58. f5 {[%clk 00:41:26] [%emt 00:06:00]} Rh2 {[%clk 00:02:16] [%emt 00:00:27]}
59. Rxa3 {[%clk 00:39:43] [%emt 00:02:14]} Kxd5 {[%clk 00:02:32] [%emt
00:00:14]} 60. Ra5+ {[%clk 00:37:50] [%emt 00:02:21]} Ke4 {[%clk 00:01:54] [%emt
00:01:09]} 61. f6 {[%clk 00:37:56] [%emt 00:00:24]} Rxh6 {[%clk 00:02:14] [%emt
00:00:10]} 62. f7 {[%clk 00:38:20] [%emt 00:00:06]} Rf6 {[%clk 00:02:41] [%emt
00:00:04]} 1/2-1/2

[Site "Europe Echecs"]

[Event "Grand Swiss "]
[Date "2025.09.08"]
[White "Vidit, Santosh Gujrathi"]
[Black "Cheparinov, Ivan"]
[WhiteElo "2712"]
[BlackElo "2627"]
[Round "5.5.14"]
[Result "1/2-1/2"]

1. d4 {[%clk 01:40:28] [%emt 00:00:30]} d5 {[%clk 01:40:54] [%emt 00:00:06]} 2.
c4 {[%clk 01:40:39] [%emt 00:00:19]} e6 {[%clk 01:41:18] [%emt 00:00:06]} 3. Nf3
{[%clk 01:38:49] [%emt 00:02:20]} Nf6 {[%clk 01:40:04] [%emt 00:01:44]} 4. g3
{[%clk 01:37:59] [%emt 00:01:20]} Be7 {[%clk 01:40:15] [%emt 00:00:19]} 5. Bg2
{[%clk 01:38:09] [%emt 00:00:20]} O-O {[%clk 01:40:37] [%emt 00:00:08]} 6. Nc3
{[%clk 01:38:05] [%emt 00:00:34]} dxc4 {[%clk 01:39:30] [%emt 00:01:38]} 7. Ne5
{[%clk 01:38:25] [%emt 00:00:09]} c5 {[%clk 01:39:54] [%emt 00:00:06]} 8. dxc5
{[%clk 01:38:31] [%emt 00:00:24]} Qxd1+ {[%clk 01:40:19] [%emt 00:00:05]} 9.
Nxd1 {[%clk 01:38:53] [%emt 00:00:08]} Bxc5 {[%clk 01:40:46] [%emt 00:00:03]}
10. Bd2 {[%clk 01:26:41] [%emt 00:12:42]} Nc6 {[%clk 01:33:26] [%emt 00:07:50]}
11. Nxc4 {[%clk 01:26:38] [%emt 00:00:33]} Nd5 {[%clk 01:23:16] [%emt 00:10:40]}
12. Rc1 {[%clk 01:19:30] [%emt 00:07:37]} Rd8 {[%clk 01:14:04] [%emt 00:09:42]}
13. Na5 {[%clk 01:12:24] [%emt 00:07:37]} Bb4 {[%clk 01:05:42] [%emt 00:08:51]}
14. Bxb4 {[%clk 01:09:10] [%emt 00:03:45]} Ncxb4 {[%clk 01:05:13] [%emt
00:01:00]} 15. a3 {[%clk 01:09:19] [%emt 00:00:21]} b6 {[%clk 01:05:10] [%emt
00:00:32]} 16. Nc4 {[%clk 00:58:36] [%emt 00:11:12]} Na6 {[%clk 01:04:50] [%emt
00:00:51]} 17. Nc3 {[%clk 00:50:05] [%emt 00:09:02]} Nac7 {[%clk 00:56:31] [%emt
00:08:47]} 18. O-O {[%clk 00:44:24] [%emt 00:06:12]} Bb7 {[%clk 00:52:13] [%emt
00:04:48]} 19. Rc2 {[%clk 00:41:27] [%emt 00:03:27]} Rac8 {[%clk 00:42:47] [%emt
00:09:56]} 20. Rfc1 {[%clk 00:41:36] [%emt 00:00:21]} Ne8 {[%clk 00:41:06] [%emt
00:02:11]} 21. Nb5 {[%clk 00:17:58] [%emt 00:24:08]} Ba6 {[%clk 00:36:28] [%emt
00:05:08]} 22. Nxa7 {[%clk 00:16:51] [%emt 00:01:37]} Rc7 {[%clk 00:35:07] [%emt
00:01:50]} 23. Ne5 {[%clk 00:17:03] [%emt 00:00:19]} Rxa7 {[%clk 00:35:33] [%emt
00:00:04]} 24. Nc6 {[%clk 00:17:27] [%emt 00:00:06]} Rdd7 {[%clk 00:30:23] [%emt
00:05:41]} 25. Nxa7 {[%clk 00:17:34] [%emt 00:00:22]} Rxa7 {[%clk 00:30:50]
[%emt 00:00:02]} 26. Rc6 {[%clk 00:17:07] [%emt 00:00:58]} b5 {[%clk 00:16:48]
[%emt 00:14:32]} 27. e4 {[%clk 00:16:46] [%emt 00:00:51]} Ndf6 {[%clk 00:16:02]
[%emt 00:01:16]} 28. f3 {[%clk 00:11:26] [%emt 00:05:51]} Kf8 {[%clk 00:14:50]
[%emt 00:01:42]} 29. Rd1 {[%clk 00:09:53] [%emt 00:02:03]} Ke7 {[%clk 00:14:39]
[%emt 00:00:40]} 30. Bf1 {[%clk 00:09:15] [%emt 00:01:08]} Nd7 {[%clk 00:14:42]
[%emt 00:00:26]} 31. Kf2 {[%clk 00:07:43] [%emt 00:02:03]} Ne5 {[%clk 00:13:07]
[%emt 00:02:05]} 32. Rc5 {[%clk 00:06:17] [%emt 00:01:56]} Nd7 {[%clk 00:12:21]
[%emt 00:01:16]} 33. Rc6 {[%clk 00:06:21] [%emt 00:00:26]} Ne5 {[%clk 00:11:11]
[%emt 00:01:39]} 34. Rc5 {[%clk 00:06:35] [%emt 00:00:16]} Nd7 {[%clk 00:08:58]
[%emt 00:02:43]} 1/2-1/2

[Site "Europe Echecs"]

[Event "Grand Swiss "]
[Date "2025.09.08"]
[White "Rodshtein, Maxim"]
[Black "Liang, Awonder"]
[WhiteElo "2645"]
[BlackElo "2698"]
[Round "5.5.15"]
[Result "1-0"]

1. d4 {[%clk 01:40:49] [%emt 00:00:11]} d5 {[%clk 01:40:54] [%emt 00:00:07]} 2.
Nf3 {[%clk 01:40:54] [%emt 00:00:24]} Nf6 {[%clk 01:41:17] [%emt 00:00:07]} 3.
c4 {[%clk 01:40:45] [%emt 00:00:39]} e6 {[%clk 01:41:41] [%emt 00:00:06]} 4. g3
{[%clk 01:40:52] [%emt 00:00:23]} Be7 {[%clk 01:42:03] [%emt 00:00:07]} 5. Bg2
{[%clk 01:40:46] [%emt 00:00:36]} O-O {[%clk 01:42:26] [%emt 00:00:08]} 6. Nc3
{[%clk 01:40:23] [%emt 00:00:53]} dxc4 {[%clk 01:42:48] [%emt 00:00:08]} 7. Ne5
{[%clk 01:40:37] [%emt 00:00:15]} Nc6 {[%clk 01:42:19] [%emt 00:00:59]} 8. Bxc6
{[%clk 01:40:14] [%emt 00:00:54]} bxc6 {[%clk 01:42:48] [%emt 00:00:02]} 9. Nxc6
{[%clk 01:40:36] [%emt 00:00:08]} Qe8 {[%clk 01:43:11] [%emt 00:00:07]} 10.
Nxe7+ {[%clk 01:40:29] [%emt 00:00:37]} Qxe7 {[%clk 01:43:39] [%emt 00:00:02]}
11. Qa4 {[%clk 01:39:43] [%emt 00:01:16]} Nd5 {[%clk 01:43:16] [%emt 00:00:53]}
12. O-O {[%clk 01:28:40] [%emt 00:11:32]} a5 {[%clk 01:42:45] [%emt 00:01:01]}
13. Re1 {[%clk 01:11:35] [%emt 00:17:35]} Qb4 {[%clk 01:28:37] [%emt 00:14:39]}
14. a3 {[%clk 01:03:49] [%emt 00:08:16]} Qxa4 {[%clk 01:13:54] [%emt 00:15:13]}
15. Nxa4 {[%clk 01:04:05] [%emt 00:00:14]} Nb6 {[%clk 01:14:19] [%emt 00:00:05]}
16. Nc5 {[%clk 00:56:19] [%emt 00:08:16]} Nd7 {[%clk 01:13:55] [%emt 00:00:54]}
17. Bf4 {[%clk 00:36:52] [%emt 00:19:56]} Nxc5 {[%clk 01:12:57] [%emt 00:01:29]}
18. dxc5 {[%clk 00:37:16] [%emt 00:00:06]} Ra7 {[%clk 01:12:43] [%emt 00:00:44]}
19. Rac1 {[%clk 00:24:19] [%emt 00:13:27]} f6 {[%clk 01:06:43] [%emt 00:06:30]}
20. c6 {[%clk 00:23:16] [%emt 00:01:33]} Ba6 {[%clk 00:50:19] [%emt 00:16:54]}
21. a4 {[%clk 00:23:11] [%emt 00:00:35]} e5 {[%clk 00:49:27] [%emt 00:01:22]}
22. Be3 {[%clk 00:21:46] [%emt 00:01:55]} Raa8 {[%clk 00:49:55] [%emt 00:00:02]}
23. Red1 {[%clk 00:20:53] [%emt 00:01:22]} Rfd8 {[%clk 00:38:40] [%emt
00:11:45]} 24. f4 {[%clk 00:16:46] [%emt 00:04:37]} Rxd1+ {[%clk 00:28:07] [%emt
00:11:04]} 25. Rxd1 {[%clk 00:17:10] [%emt 00:00:07]} c3 {[%clk 00:28:34] [%emt
00:00:02]} 26. bxc3 {[%clk 00:16:19] [%emt 00:01:20]} Bxe2 {[%clk 00:29:02]
[%emt 00:00:03]} 27. Rd7 {[%clk 00:15:36] [%emt 00:01:13]} Rc8 {[%clk 00:29:23]
[%emt 00:00:09]} 28. fxe5 {[%clk 00:08:53] [%emt 00:07:14]} fxe5 {[%clk
00:29:47] [%emt 00:00:06]} 29. Rd5 {[%clk 00:07:02] [%emt 00:02:20]} Bf3 {[%clk
00:16:05] [%emt 00:14:13]} 30. Rxe5 {[%clk 00:07:21] [%emt 00:00:11]} Bxc6
{[%clk 00:16:29] [%emt 00:00:05]} 31. Rxa5 {[%clk 00:07:06] [%emt 00:00:45]} Kf7
{[%clk 00:14:33] [%emt 00:02:26]} 32. Bd4 {[%clk 00:05:43] [%emt 00:01:53]} g6
{[%clk 00:13:18] [%emt 00:01:46]} 33. Kf2 {[%clk 00:05:52] [%emt 00:00:20]} Ke6
{[%clk 00:11:30] [%emt 00:02:18]} 34. Ke3 {[%clk 00:06:03] [%emt 00:00:19]} Rf8
{[%clk 00:08:25] [%emt 00:03:34]} 35. Rc5 {[%clk 00:01:02] [%emt 00:05:31]} Kd7
{[%clk 00:05:15] [%emt 00:03:41]} 36. a5 {[%clk 00:01:10] [%emt 00:00:23]} Bb7
{[%clk 00:02:06] [%emt 00:03:38]} 37. Be5 {[%clk 00:01:07] [%emt 00:00:33]} c6
{[%clk 00:02:10] [%emt 00:00:27]} 38. Bf4 {[%clk 00:00:44] [%emt 00:00:52]} Re8+
{[%clk 00:00:49] [%emt 00:01:51]} 39. Kd4 {[%clk 00:00:36] [%emt 00:00:38]} Re1
{[%clk 00:01:06] [%emt 00:00:13]} 40. c4 {[%clk 00:00:34] [%emt 00:00:32]} Ba6
{[%clk 00:00:59] [%emt 00:00:36]} 41. h4 {[%clk 00:48:19] [%emt 00:02:44]} Rd1+
{[%clk 00:40:04] [%emt 00:11:26]} 42. Kc3 {[%clk 00:45:13] [%emt 00:03:36]} Rh1
{[%clk 00:32:59] [%emt 00:07:35]} 43. Re5 {[%clk 00:43:43] [%emt 00:02:00]} Rb1
{[%clk 00:29:46] [%emt 00:03:42]} 44. h5 {[%clk 00:36:23] [%emt 00:07:50]} Rb8
{[%clk 00:30:09] [%emt 00:00:07]} 45. hxg6 {[%clk 00:35:13] [%emt 00:01:40]}
hxg6 {[%clk 00:30:35] [%emt 00:00:05]} 46. Rg5 {[%clk 00:35:34] [%emt 00:00:09]}
Rg8 {[%clk 00:30:51] [%emt 00:00:14]} 47. Kd4 {[%clk 00:35:05] [%emt 00:00:58]}
Kc8 {[%clk 00:30:18] [%emt 00:01:04]} 48. Kc5 {[%clk 00:35:15] [%emt 00:00:20]}
Kb7 {[%clk 00:29:02] [%emt 00:01:46]} 49. Re5 {[%clk 00:33:31] [%emt 00:02:13]}
Ka7 {[%clk 00:27:51] [%emt 00:01:42]} 50. Be3 {[%clk 00:26:48] [%emt 00:07:13]}
Bb7 {[%clk 00:28:09] [%emt 00:00:12]} 51. Kb4+ {[%clk 00:26:52] [%emt 00:00:26]}
Kb8 {[%clk 00:25:31] [%emt 00:03:07]} 52. Re7 {[%clk 00:26:26] [%emt 00:00:56]}
g5 {[%clk 00:22:21] [%emt 00:03:41]} 53. Bd4 {[%clk 00:21:58] [%emt 00:04:57]}
g4 {[%clk 00:21:34] [%emt 00:01:17]} 54. Be3 {[%clk 00:22:06] [%emt 00:00:22]}
Rf8 {[%clk 00:17:35] [%emt 00:04:30]} 55. Rg7 {[%clk 00:20:43] [%emt 00:01:53]}
Re8 {[%clk 00:17:55] [%emt 00:00:10]} 56. Bb6 {[%clk 00:18:00] [%emt 00:03:13]}
Bc8 {[%clk 00:16:50] [%emt 00:01:34]} 57. Kc5 {[%clk 00:16:29] [%emt 00:02:01]}
Be6 {[%clk 00:17:08] [%emt 00:00:12]} 58. Bc7+ {[%clk 00:10:14] [%emt 00:06:45]}
Kb7 {[%clk 00:17:03] [%emt 00:00:35]} 59. Bd8+ {[%clk 00:10:02] [%emt 00:00:41]}
Ka8 {[%clk 00:16:41] [%emt 00:00:53]} 60. Bf6 {[%clk 00:09:53] [%emt 00:00:39]}
Bf5 {[%clk 00:12:09] [%emt 00:05:03]} 61. a6 {[%clk 00:06:15] [%emt 00:04:07]}
Bc8 {[%clk 00:03:32] [%emt 00:09:07]} 62. Kb6 {[%clk 00:04:39] [%emt 00:02:06]}
c5 {[%clk 00:03:51] [%emt 00:00:12]} 1-0

[Site "Europe Echecs"]